000 01100cam a2200313 i 4500
001 4170841
003 NUST
005 20220214152601.0
008 790123s1979 ctua b 001 0aeng
010 _a 79000623
020 _a0300021534
038 _awaseem
040 _aDLC
_cDLC
_dDLC
043 _an-us---
_ae-uk---
_ae-gw---
050 0 0 _aE268
_b.E9213
082 0 0 _a973.342
_bEWA
100 1 _aEwald, Johann von,
_d1744-1813.
_989019
245 1 0 _aDiary of the American War :
_ba Hessian journal /
_cJohann Ewald ; translated and edited by Joseph P. Tustin.
260 _aNew Haven :
_bYale University Press,
_c1979.
300 _axxxi, 467 :
_bill. ;
_c26 cm.
500 _aIncludes index.
504 _aBibliography: p. 439-449.
563 _aHBK.
600 1 0 _aEwald, Johann von,
_d1744-1813
_xDiaries.
_989020
651 0 _aUnited States
_xHistory
_yRevolution, 1775-1783
_xParticipation, German
_xBiography.
_989021
651 0 _aUnited States
_xHistory
_yRevolution, 1775-1783
_xPersonal narratives.
_989022
906 _a7
_bcbc
_corignew
_d1
_eocip
_f19
_gy-gencatlg
942 _2ddc
_cBK
999 _c587841
_d587841